| 000 | 00553nam a2200145Ia 4500 | ||
|---|---|---|---|
| 008 | 151213s9999 xx 000 0 und d | ||
| 100 | _aড: সৈয়দ মাসুদ হোসেন | ||
| 245 |
_aইংরেজী সাহিতের ইতিহাস _cড: সৈয়দ মাসুদ হোসেন |
||
| 260 |
_aঢাকা _bবাংলা ্্্একাডেমী _c1984 |
||
| 300 | _a6512 p. | ||
| 650 | _aEnglish | ||
| 650 | _aLiterature | ||
| 700 | _aড: সৈয়দ মাসুদ হোসেন | ||
| 999 |
_c3601 _d3601 |
||